Spell the Marvel Hero #29 - Statistics

General Stats
  • This quiz has been taken 18 times
  • The average score is 9 of 10
Answer Stats
Picture Answer % Correct
Human Torch
100%
Invisible Woman
100%
Scarlet Witch
100%
Thor (Jane Foster)
100%
Gambit
93%
Aero
86%
Magik
86%
Kitty Pryde
71%
Nightmask
71%
Nocturne
57%
No matching quizzes found
Score Distribution
Percent of People with Each Score
Percentile by Number Answered
Your Score History
You have not taken this quiz